Enigme One Piece - Statistiques

Statistiques générales
  • Ce quiz a été pris 18 495 fois
  • Le résultat moyen est 16 sur 26
Statistiques - réponses
L Indice Réponse % Correct
A Héros du manga Luffy
100%
E Navigatrice dans l'équipage de A Nami
86%
D Pere de A, chef de H Dragon
84%
B Mentor de A Shanks
83%
C Battu par A, a soumis E Arlong
75%
H Frère de A, sous les ordres de D Sabo
75%
K Sous les ordres de A, cherche à surpasser R Zoro
68%
O Était ce que A veut être, était capitaine de B Roger
66%
S Cuisinier pour A, devait se marier avec U Sanji
65%
W Archéologue dans l'équipage de A, a été sauvé par P Robin
62%
X Est charpentier de A, disciple de Z Franky
61%
R A battu K et l'a entrainé Mihawk
61%
I Capturé par N, tué par G Ace
60%
J Tué par N, capitaine de I Barbe Blanche
58%
N Capture I, tue J, est l'égal hiérarchique de B, Q et F Barbe Noire
58%
G Assassin de I, a gagné contre P Akainu
56%
Q Capitaine et parent de U et V, est l'égal hiérarchique de B, F et N Big Mom
56%
U Fille de Q, a tenté de semarier avec S pour le piéger Pudding
50%
Y Était dans l'équipage de O, a entrainé A Rayleigh
50%
V Fils de Q, s'est fait battre par A Katakuri
47%
Z Mentor de X,il a construit le bateau de O Tom
47%
F Ennemi de A, Stoppé par B pour éviter de tuer J Kaido
45%
P A un lien protecteur avec W, a perdu contre G Aokiji
42%
M Père de T, était dans l'équipage de J puis de O Oden
41%
T Fils de M, a pour serviteur L Momonosuke
36%
L Serviteur de M puis de T Kinemon
30%
Aucun quiz correspondant
Distribution des résultats
% des personnes avec chaque résultat
Percentile par nombre de réponses
Votre historique - résultats
Vous n’avez pas pris ce quiz